| 000 | 00971nam a2200337Ia 4500 | ||
|---|---|---|---|
| 001 | Z_2772 | ||
| 003 | CHAP | ||
| 008 | 220113s1998 xx 000 0 und d | ||
| 010 | _a163579 | ||
| 040 | _cCHAP | ||
| 082 | _a636.08 F676 | ||
| 100 |
_aForo de Análisis de los Recursos Genéticos (3 : 1998 : México, D. F.) _9137738 |
||
| 245 |
_aganadería ovina, caprina, porcina, avícola, apícola, equina y de lidia / _cpor SAGAR |
||
| 260 |
_aMéxico, D. F. : _bLa Secretaría, _c1998 |
||
| 300 | _a256 p. | ||
| 440 | _a | ||
| 500 | _a | ||
| 503 | _aDONACIÓN | ||
| 650 |
_aAbejas _xGenética _9187 |
||
| 650 |
_aGanado caballar _xGenética _944976 |
||
| 650 |
_aGanado cabrío _xGenética _945013 |
||
| 650 |
_aGanado de lidia _xGenética _9137739 |
||
| 650 |
_aGanado lanar _xgenética _945182 |
||
| 650 |
_aGanado porcino _xgenética _945370 |
||
| 901 | _a636.08 F676 | ||
| 902 | _aA | ||
| 910 | _a1998 | ||
| 942 | _c1 | ||
| 942 | _cc1 | ||
| 999 |
_c163579 _d163579 |
||